00353 a2200109 4500001001000000005001700010008004100027245007200068100002100140773006500161999001700226ART_3060520260410161928.0260409a 10aCuestiones procedimentales del derecho a la vida privada y familiar1 aDorrego, Marisol0 tDerechos humanosg- Año III, Nº 6/B (mayo 2015)wREV22278 c28329d28329